[Event "AUTO-MASTER-48"]
[Site "http://www.queenalice.com/game.php?id=30721"]
[Date "2005.9.28"]
[Round "1"]
[White "surbeg"]
[Black "cadulima"]
[Result "1-0"]
[WhiteElo "1778"]
[BlackElo "1612"]

1. e4 e5 2. Nf3 Nf6 3. Nc3 d6 4. d4 Bg4 5. Qd3 Bxf3 6. gxf3 exd4 7. Qxd4 Nc6 8.
Bb5 Qd7 9. Qa4 d5 10. Bg5 Be7 11. O-O-O a6 12. exd5 O-O 13. dxc6 axb5 14. Rxd7
Rxa4 15. Rxe7 Raa8 16. cxb7 Rae8 17. Bxf6 gxf6 18. Rxc7 1-0

[Event "AUTO-MASTER-48"]
[Site "http://www.queenalice.com/game.php?id=30722"]
[Date "2005.9.28"]
[Round "1"]
[White "cadulima"]
[Black "surbeg"]
[Result "0-1"]
[WhiteElo "1595"]
[BlackElo "1787"]

1. e4 e6 2. d4 d5 3. e5 c5 4. b3 cxd4 5. Qxd4 Nc6 6. Qf4 Bc5 7. Nf3 Nge7 8. Bd3
Ng6 9. Bxg6 hxg6 10. O-O f6 11. exf6 gxf6 12. Bb2 e5 13. Qd2 Bg4 14. Rd1 Bxf3
15. gxf3 Qe7 16. Ba3 Bxa3 17. Qxd5 Rd8 18. Qxd8+ Nxd8 19. Nxa3 Qxa3 0-1

[Event "AUTO-MASTER-48"]
[Site "http://www.queenalice.com/game.php?id=30723"]
[Date "2005.9.28"]
[Round "1"]
[White "surbeg"]
[Black "salazar"]
[Result "1-0"]
[WhiteElo "1801"]
[BlackElo "1821"]

1. e4 e5 2. Nf3 Nc6 3. d4 exd4 4. Bc4 Be7 5. Nxd4 Ne5 6. Bb3 Bc5 7. O-O d6 8.
Nc3 Qh4 9. Nd5 Rb8 10. Nxc7+ Kd8 11. Ncb5 Qxe4 12. Re1 Qh4 13. Rxe5 Bd7 14. Bg5+
f6 15. Bxh4 dxe5 16. Ne6+ 1-0

[Event "AUTO-MASTER-48"]
[Site "http://www.queenalice.com/game.php?id=30724"]
[Date "2005.9.28"]
[Round "1"]
[White "salazar"]
[Black "surbeg"]
[Result "0-1"]
[WhiteElo "1832"]
[BlackElo "1862"]

1. e4 e6 2. d4 d5 3. e5 c5 4. c3 Nc6 5. Nf3 Qb6 6. Bd3 cxd4 7. cxd4 Bd7 8. Be3
Qxb2 9. Nbd2 Nb4 10. Nb3 Qc3+ 11. Ke2 Rc8 12. Rc1 Qb2+ 13. Qd2 Nxd3 14. Rxc8+
Bxc8 15. Kxd3 Qa3 16. Qc3 Bd7 17. Rb1 Bb4 18. Qb2 Qa6+ 19. Kc2 Qc4+ 20. Kd1 Qf1+
21. Kc2 Qxg2 22. Nbd2 Ba4+ 23. Kd3 Qg6+ 24. Ke2 Bxd2 25. Bxd2 Bc6 26. a4 Qe4+
27. Be3 Ne7 28. a5 a6 29. Qb4 Bb5+ 30. Kd2 Nc6 31. Qb2 Qxf3 32. Qc3 O-O 33. Rg1
Rc8 34. Qa3 Qe2+ 35. Kc1 Nxd4+ 36. Kb1 Bd3+ 0-1

[Event "Challenge"]
[Site "http://www.queenalice.com/game.php?id=32688"]
[Date "2005.10.11"]
[Round "-"]
[White "surbeg"]
[Black "tbotoi"]
[Result "1-0"]
[WhiteElo "1843"]
[BlackElo "1914"]

1. e4 c5 2. Nf3 Nc6 3. d4 cxd4 4. Nxd4 Nf6 5. Nc3 e5 6. Ndb5 d6 7. Bg5 a6 8. Na3
b5 9. Bxf6 gxf6 10. Nd5 f5 11. Bd3 Be6 12. c3 Rg8 13. O-O f4 14. Nc2 Qg5 15. Ne1
Bh3 16. Qf3 Bg4 17. Qxg4 Qxg4 18. Nf6+ Ke7 19. Nxg4 Rxg4 20. Be2 Rg6 21. Nf3 h5
22. Nh4 Rg5 23. Nf5+ Kd7 24. h4 Rg8 25. Bxh5 Ke6 26. Rad1 Be7 27. Be2 Rad8 28.
c4 bxc4 29. Bxc4+ Kf6 30. Bxa6 Nb4 31. Bc4 d5 32. Bxd5 Nxd5 33. Rxd5 Rxd5 34.
Nxe7 Kxe7 35. exd5 Kd6 36. Rd1 Rb8 37. b3 Ra8 38. a4 Rb8 39. Rd3 e4 40. Rh3 Kxd5
41. h5 Kd4 42. h6 Rh8 43. b4 Kc4 44. b5 1-0

[Event "Challenge"]
[Site "http://www.queenalice.com/game.php?id=46207"]
[Date "2006.1.2"]
[Round "-"]
[White "chessyca"]
[Black "surbeg"]
[Result "0-1"]
[WhiteElo "1754"]
[BlackElo "1879"]

1. d4 Nf6 2. e3 e6 3. f4 d5 4. Nf3 c5 5. c3 Nbd7 6. Bd3 cxd4 7. exd4 Bd6 8. O-O
O-O 9. Nbd2 Bxf4 10. Qe2 Qc7 11. Re1 a6 12. Ne5 Nxe5 13. dxe5 Nd7 14. Nf3 Bxc1
15. Rexc1 b5 16. a4 bxa4 17. Rxa4 h6 18. Qc2 Nxe5 19. Be2 Bd7 20. Nd4 Bxa4 21.
Qxa4 f5 22. Re1 Qd6 23. b3 Ng4 24. Bxg4 fxg4 0-1

[Event "AUTO-OPEN-103"]
[Site "http://www.queenalice.com/game.php?id=47822"]
[Date "2006.1.13"]
[Round "2"]
[White "surbeg"]
[Black "tpstar"]
[Result "0-1"]
[WhiteElo "1867"]
[BlackElo "1981"]

1. e4 e5 2. Nf3 Nc6 3. d4 exd4 4. Nxd4 Bc5 5. Be3 Qf6 6. c3 Qg6 7. Nb5 Bxe3 8.
Nxc7+ Kd8 9. Nxa8 Bf4 10. Qf3 Be5 11. Nd2 Nf6 12. g3 b6 13. Nc4 Bb7 14. Naxb6
axb6 15. Nd2 Re8 16. Bd3 Bc7 17. Qe2 Nxe4 18. Bxe4 f5 19. f3 fxe4 20. f4 Kc8 21.
O-O-O Na5 22. Rhe1 Qf7 23. Kb1 d5 24. Ka1 Kb8 25. Nf3 Nc6 26. Ng5 Qg8 27. Qb5 h6
28. Nh3 Na7 29. Qa4 b5 30. Qd4 Qe6 31. Ng1 Re7 32. Nf3 Qd6 33. Qe3 Nc6 34. Nh4
Rd7 35. Nf5 Qf6 36. Nd4 Nxd4 37. Qxd4 Qxd4 38. Rxd4 Bc6 39. f5 Rf7 40. Rf1 g6
41. g4 Bxh2 42. Rh1 Bf4 43. fxg6 Rg7 44. Rf1 Be5 45. Rf8+ Kc7 46. Rf7+ Kd6 47.
Rd1 Rxg6 48. Rh7 Bf4 49. Rf7 Bg5 50. Kb1 Rf6 51. Rxf6+ Bxf6 52. Kc2 Bd7 53. Rg1
Ke5 54. a3 Kf4 55. b3 Bxg4 56. a4 bxa4 57. bxa4 Bd8 58. Rb1 e3 59. Rh1 h5 0-1

[Event "AUTO-OPEN-103"]
[Site "http://www.queenalice.com/game.php?id=47823"]
[Date "2006.1.13"]
[Round "2"]
[White "tpstar"]
[Black "surbeg"]
[Result "1-0"]
[WhiteElo "1943"]
[BlackElo "1890"]

1. e4 e6 2. d4 d5 3. Nd2 dxe4 4. Nxe4 Nd7 5. Nf3 Ngf6 6. Bd3 Nxe4 7. Bxe4 Nf6 8.
Bg5 Be7 9. Bxf6 Bxf6 10. Qd3 c6 11. O-O-O Qa5 12. Kb1 Bd7 13. Ne5 Rd8 14. f4 Bc8
15. Qf3 O-O 16. g4 Be7 17. g5 g6 18. h4 f6 19. gxf6 Bxf6 20. Qg3 Bxe5 21. fxe5
Qb6 22. c3 Kh8 23. h5 g5 24. Qxg5 Rf7 25. Bxh7 Rg7 26. Qh6 1-0

[Event "AUTO-MASTER-28"]
[Site "http://www.queenalice.com/game.php?id=55771"]
[Date "2006.3.4"]
[Round "2"]
[White "alexsoncini"]
[Black "surbeg"]
[Result "1-0"]
[WhiteElo "2028"]
[BlackElo "1904"]

1. d4 e6 2. c4 Bb4+ 3. Nc3 d5 4. e3 Nf6 5. Qa4+ Nc6 6. Bd2 O-O 7. Nf3 Bd6 8. c5
Be7 9. b4 Nb8 10. Bd3 Bd7 11. Qc2 a6 12. Ne5 Nc6 13. Nxc6 Bxc6 14. f4 g6 15. O-O
Nh5 16. g4 Ng7 17. Be1 Bh4 18. Bg3 Bxg3 19. hxg3 f5 20. g5 Kf7 21. Kg2 Rh8 22.
Rh1 Nh5 23. Be2 h6 24. Bxh5 gxh5 25. Rxh5 hxg5 26. Rxh8 Qxh8 27. Rh1 Qg7 28. Ne2
Ke7 29. fxg5 Rg8 30. Nf4 Qxg5 31. Qf2 Bb5 32. Rh7+ Rg7 33. Rxg7+ Qxg7 34. Qf3
Bc4 35. a3 Qg5 36. Qh5 Qxh5 37. Nxh5 b5 38. Kf3 Bd3 39. Nf4 Be4+ 40. Kf2 c6 41.
Ng6+ Kd7 42. Ne5+ Kc7 43. Kg1 Bc2 44. Kh2 Bd1 45. Kh3 Be2 46. Kh4 Bf1 47. Kg5
Kb7 48. Kf6 Bh3 49. Nf3 Kc7 50. Ng5 1-0

[Event "AUTO-MASTER-28"]
[Site "http://www.queenalice.com/game.php?id=55772"]
[Date "2006.3.4"]
[Round "2"]
[White "surbeg"]
[Black "alexsoncini"]
[Result "1-0"]
[WhiteElo "1882"]
[BlackElo "2044"]

1. e4 e6 2. d4 d5 3. Nc3 Nf6 4. Bg5 Be7 5. e5 Nfd7 6. Bxe7 Qxe7 7. a3 a6 8. Nf3
c5 9. b3 Nc6 10. Ne2 cxd4 11. Nexd4 Ndxe5 12. Nxc6 Nxf3+ 13. Qxf3 bxc6 14. Bd3
O-O 15. O-O e5 16. Qg3 e4 17. Rfe1 Qf6 18. Bf1 Re8 19. c4 Qe5 20. Qxe5 Rxe5 21.
f4 Re7 22. Rad1 Bb7 23. g3 f5 24. c5 Rd8 25. Rd4 Ra8 26. Kf2 Bc8 27. b4 Kf7 28.
Ke3 Kf6 29. Be2 h6 30. h4 Be6 31. a4 g5 32. hxg5+ hxg5 33. Rh1 gxf4+ 34. gxf4
Rg7 35. Rh6+ Rg6 36. Rxg6+ Kxg6 37. Rd1 Ra7 38. Kd4 Kf6 39. Rh1 Bf7 40. Rh6+ Bg6
41. Bh5 Rg7 42. Rxg6+ Rxg6 43. Bxg6 Kxg6 44. b5 axb5 45. axb5 cxb5 46. c6 b4 47.
c7 1-0

[Event "AUTO-MASTER-28"]
[Site "http://www.queenalice.com/game.php?id=55775"]
[Date "2006.3.4"]
[Round "2"]
[White "aknightout"]
[Black "surbeg"]
[Result "0-1"]
[WhiteElo "1937"]
[BlackElo "1916"]

1. e4 e6 2. d3 d5 3. Nd2 c5 4. Ngf3 Nc6 5. g3 Nf6 6. Bg2 Bd6 7. O-O O-O 8. Re1
b6 9. e5 Nxe5 10. Nxe5 Bb7 11. Ng4 a6 12. Nxf6+ Qxf6 13. Qf3 Qd8 14. Nc4 Bc7 15.
Bf4 Rb8 16. Nd2 Re8 17. Bxc7 Qxc7 18. Qd1 Qe7 19. Nf3 d4 20. Ne5 Bxg2 21. Kxg2
Qc7 22. Nc4 b5 23. Nd2 c4 24. Qg4 c3 25. bxc3 Qxc3 26. Qd1 Rbc8 27. Ne4 Qxc2 28.
Qxc2 Rxc2 29. Rec1 Rec8 30. Rxc2 Rxc2 31. a3 h6 32. a4 b4 33. a5 b3 34. Rb1 f5
35. Nd6 Rc3 36. Nc4 Rxd3 37. Rb2 Rc3 38. Ne5 Rc5 39. Nf3 e5 40. Rxb3 Rxa5 41.
Rb7 d3 42. Rb2 Rc5 43. Rd2 e4 44. Nd4 g6 45. Nb3 Rb5 46. Nc1 a5 47. Na2 Kf7 48.
Nc3 Rc5 49. Na2 a4 50. Kf1 Ke6 51. f3 Ke5 52. fxe4 fxe4 53. Nb4 Rc1+ 54. Kg2 Kd4
55. Ra2 e3 0-1

[Event "AUTO-MASTER-28"]
[Site "http://www.queenalice.com/game.php?id=55779"]
[Date "2006.3.4"]
[Round "2"]
[White "surbeg"]
[Black "markus765432"]
[Result "1/2-1/2"]
[WhiteElo "1856"]
[BlackElo "2016"]

1. e4 e5 2. Nf3 Nf6 3. Nc3 Nc6 4. Nxe5 Nxe5 5. d4 Ng6 6. e5 Ng8 7. Bc4 d6 8. Qf3
Be6 9. Qxb7 dxe5 10. Qc6+ Bd7 11. Qd5 Be6 1/2-1/2

[Event "AUTO-MASTER-28"]
[Site "http://www.queenalice.com/game.php?id=55780"]
[Date "2006.3.4"]
[Round "2"]
[White "markus765432"]
[Black "surbeg"]
[Result "0-1"]
[WhiteElo "1958"]
[BlackElo "1862"]

1. d4 d5 2. c4 e6 3. Nc3 Nf6 4. Bg5 Be7 5. e3 O-O 6. Nf3 b6 7. cxd5 exd5 8. Be2
Bb7 9. O-O a6 10. a3 Nbd7 11. b4 c6 12. Qb3 b5 13. Rfd1 Ne4 14. Nxe4 dxe4 15.
Bxe7 Qxe7 16. Nd2 Nb6 17. Rac1 a5 18. Rc5 Nd5 19. f3 a4 20. Qb2 exf3 21. Bxf3
Qxe3+ 22. Kh1 Rfe8 0-1

[Event "AUTO-MASTER-48"]
[Site "http://www.queenalice.com/game.php?id=62628"]
[Date "2006.4.11"]
[Round "2"]
[White "razoman"]
[Black "surbeg"]
[Result "0-1"]
[WhiteElo "1788"]
[BlackElo "1893"]

1. e4 e6 2. d4 d5 3. Nc3 dxe4 4. Nxe4 Nd7 5. Nf3 Ngf6 6. Bd3 b6 7. O-O Bb7 8.
Nxf6+ Nxf6 9. Re1 h6 10. c3 Bd6 11. Ne5 O-O 12. Re3 c5 13. Rg3 Bxe5 14. dxe5 Ne4
15. Rg4 h5 16. Rxg7+ Kxg7 17. Qxh5 Rh8 18. Qg4+ Kf8 19. Bxe4 Bxe4 20. Bg5 Qd5
21. Rd1 Qxe5 22. Bf4 Qh5 23. Bd6+ Ke8 24. Qxe4 Qxd1+ 0-1

[Event "AUTO-MASTER-48"]
[Site "http://www.queenalice.com/game.php?id=62629"]
[Date "2006.4.11"]
[Round "2"]
[White "surbeg"]
[Black "razoman"]
[Result "1-0"]
[WhiteElo "1905"]
[BlackElo "1773"]

1. e4 c5 2. Nf3 a6 3. d4 cxd4 4. Nxd4 Nc6 5. Bc4 e6 6. O-O d6 7. Re1 Be7 8. Nc3
Nf6 9. Be3 Ne5 10. Bb3 O-O 11. Qd2 Neg4 12. Bg5 h6 13. Bh4 Bd7 14. h3 Ne5 15.
Bxf6 Bxf6 16. Rad1 Rc8 17. Nde2 Nc4 18. Bxc4 Rxc4 19. Qxd6 Rc7 20. e5 Be7 21.
Qd3 Qc8 22. Qg3 Bc6 23. Nf4 Kh7 24. Nce2 Rd7 25. Nd4 Bd5 26. Nxd5 Rxd5 27. c3
Qd8 28. b4 Bh4 29. Qg4 Qe7 30. Nf3 Rxd1 31. Rxd1 Bg5 32. h4 f5 33. Qg3 Rd8 34.
Rxd8 Qxd8 35. hxg5 Qd1+ 36. Kh2 h5 37. g6+ Kg8 38. Qg5 Qd5 39. Qe7 1-0

[Event "AUTO-MASTER-48"]
[Site "http://www.queenalice.com/game.php?id=62630"]
[Date "2006.4.11"]
[Round "2"]
[White "Montalbano"]
[Black "surbeg"]
[Result "0-1"]
[WhiteElo "2158"]
[BlackElo "1933"]

1. e4 e6 2. d4 d5 3. Nc3 dxe4 4. Nxe4 Nd7 5. Bd3 Ngf6 6. Qe2 Nxe4 7. Bxe4 Nf6 8.
Bxb7 Bxb7 9. Qb5+ Nd7 10. Qxb7 c5 11. Nf3 cxd4 12. Nxd4 Bc5 13. Nb3 Rb8 14. Qf3
Qc7 15. Nxc5 Qxc5 16. Qe2 O-O 17. O-O Qf5 18. b3 Rfd8 19. Be3 Rbc8 0-1

[Event "AUTO-MASTER-48"]
[Site "http://www.queenalice.com/game.php?id=62631"]
[Date "2006.4.11"]
[Round "2"]
[White "surbeg"]
[Black "Montalbano"]
[Result "1-0"]
[WhiteElo "1958"]
[BlackElo "2139"]

1. e4 c5 2. Nf3 d6 3. d4 cxd4 4. Nxd4 Nf6 5. Nc3 a6 6. Be3 e6 7. f3 Be7 8. Bd3
O-O 9. Qd2 b5 10. O-O Bb7 11. b4 Qc7 12. Nce2 Nbd7 13. a3 d5 14. Ng3 Bd6 15.
Nde2 dxe4 16. fxe4 Rfd8 17. Bd4 Be5 18. c3 Ng4 19. Rad1 Ndf6 20. Qg5 h6 21. Qh4
Rd7 22. Kh1 1-0

[Event "Challenge"]
[Site "http://www.queenalice.com/game.php?id=69591"]
[Date "2006.5.16"]
[Round "-"]
[White "azumi"]
[Black "surbeg"]
[Result "0-1"]
[WhiteElo "1566"]
[BlackElo "1981"]

1. e4 e6 2. f4 d5 3. exd5 exd5 4. Nf3 Bd6 5. c4 Bxf4 6. cxd5 Nf6 7. Nc3 Nxd5 8.
Bc4 Nxc3 9. bxc3 O-O 10. O-O Nc6 11. d4 a6 12. Bxf4 b5 13. Bd3 Bb7 14. Bxh7+
Kxh7 15. Ng5+ Kg6 16. Qg4 f5 17. Ne6+ fxg4 18. Nxd8 Raxd8 19. Bxc7 Rxf1+ 20.
Rxf1 Rd7 21. Bb6 Ne7 22. h4 gxh3 23. gxh3 Nd5 24. Kh2 Nxb6 25. Rg1+ Kf5 26. Rf1+
Ke4 27. Kg3 Nd5 28. Rf3 Rc7 29. h4 Rxc3 30. Rxc3 Nxc3 31. Kg4 Kxd4 32. Kf5 Be4+
33. Kg5 Nxa2 34. h5 b4 0-1